[Event "Asian Cities-chT"]
[Site "Khanty-Mansiysk"]
[Date "2024.04.28"]
[Round "8.3"]
[White "Titarov, Vasilii"]
[Black "Shrestha, Govinda Man"]
[Result "1-0"]
[WhiteElo "2093"]
[BlackElo "1738"]
[PlyCount "57"]
[EventDate "2024.04.21"]
[EventType "team-swiss"]
[EventRounds "9"]
[EventCountry "RUS"]
[SourceTitle "CB18_2024"]
[SourceDate "2024.05.01"]
[SourceVersion "1"]
[SourceVersionDate "2024.05.01"]
[SourceQuality "2"]
[WhiteTeam "Moscow"]
[BlackTeam "Kathmandu"]
[WhiteTeamCountry "RUS"]
[BlackTeamCountry "NEP"]

1. e4 d5 2. exd5 Qxd5 3. Nc3 Qa5 4. d4 Nf6 5. Nf3 Bf5 6. Ne5 c6 7. Bc4 e6 8. g4 Bg6 9. h4 Be4 10. 0-0 Bd5 11. Nxd5 cxd5 12. Bd3 h6 13. Qf3 Qc7 14. g5 hxg5 15. hxg5 Nh5 16. g6 Nf6 17. Bf4 Bd6 18. gxf7+ Kd8 19. Ng6 Bxf4 20. f8Q+ Rxf8 21. Nxf8 Bh2+ 22. Kg2 Ke7 23. Ng6+ Kf7 24. Rh1 Bd6 25. Rh8 a6 26. Re1 b5 27. Ne5+ Ke7 28. Qg3 Bxe5 29. Qxg7+ 1-0

[Event "Asian Cities-chT"]
[Site "Khanty-Mansiysk"]
[Date "2024.04.25"]
[Round "5.3"]
[White "Sattarov, Dinis"]
[Black "Shrestha, Govinda Man"]
[Result "1-0"]
[WhiteElo "1760"]
[BlackElo "1738"]
[PlyCount "125"]
[EventDate "2024.04.21"]
[EventType "team-swiss"]
[EventRounds "9"]
[EventCountry "RUS"]
[SourceTitle "CB18_2024"]
[SourceDate "2024.05.01"]
[SourceVersion "1"]
[SourceVersionDate "2024.05.01"]
[SourceQuality "2"]
[WhiteTeam "Khanty-Mansiysk"]
[BlackTeam "Kathmandu"]
[WhiteTeamCountry "RUS"]
[BlackTeamCountry "NEP"]

1. d4 Nf6 2. c4 b6 3. Nf3 Bb7 4. g3 e6 5. Bg2 Be7 6. 0-0 d6 7. Nc3 Nbd7 8. Qc2 0-0 9. e4 e5 10. Rd1 Qe8 11. h3 exd4 12. Nxd4 Ne5 13. f4 Nc6 14. Nxc6 Qxc6 15. e5 Qc5+ 16. Kh2 Bxg2 17. exf6 Bxf6 18. Qxg2 Rae8 19. Nd5 Bd4 20. Nxc7 Qxc7 21. Rxd4 Re1 22. b3 Rfe8 23. Rd2 b5 24. Bb2 Rxa1 25. Bxa1 bxc4 26. bxc4 Qxc4 27. Rxd6 h6 28. Rd2 a6 29. Be5 Rc8 30. Rb2 Kh7 31. Qe2 Qa4 32. Qd3+ Kg8 33. a3 Qc6 34. Rb8 Rxb8 35. Bxb8 Qb6 36. Be5 Qf2+ 37. Kh1 a5 38. Bc3 a4 39. Bd4 Qe1+ 40. Kg2 Qe6 41. Bf2 Qc6+ 42. Qf3 Qd7 43. Qa8+ Kh7 44. Qe4+ Kg8 45. f5 Kh7 46. f6+ Kg8 47. fxg7 Kxg7 48. Qg4+ Qxg4 49. hxg4 Kg6 50. Kf3 f5 51. gxf5+ Kxf5 52. Be3 h5 53. Bf4 Ke6 54. Ke4 Kd7 55. Kf5 Ke7 56. Kg6 Ke6 57. Kxh5 Kf6 58. g4 Kg7 59. g5 Kf8 60. g6 Kg7 61. Be5+ Kg8 62. Kh6 Kf8 63. Kh7 1-0

[Event "Asian Cities-chT"]
[Site "Khanty-Mansiysk"]
[Date "2024.04.24"]
[Round "4.3"]
[White "Shrestha, Govinda Man"]
[Black "Dosmukhambetov, Arystan"]
[Result "0-1"]
[WhiteElo "1738"]
[BlackElo "1968"]
[PlyCount "58"]
[EventDate "2024.04.21"]
[EventType "team-swiss"]
[EventRounds "9"]
[EventCountry "RUS"]
[SourceTitle "CB18_2024"]
[SourceDate "2024.05.01"]
[SourceVersion "1"]
[SourceVersionDate "2024.05.01"]
[SourceQuality "2"]
[WhiteTeam "Kathmandu"]
[BlackTeam "Pavlodar"]
[WhiteTeamCountry "NEP"]
[BlackTeamCountry "KAZ"]

1. e4 c5 2. Bc4 e6 3. Nf3 Nf6 4. d3 d6 5. 0-0 Be7 6. Re1 0-0 7. Bf4 a6 8. Nbd2 b5 9. Bb3 Bb7 10. Qe2 Nc6 11. Bxd6 Bxd6 12. e5 Bxe5 13. Nxe5 Nxe5 14. Qxe5 c4 15. Nxc4 bxc4 16. Bxc4 Qb6 17. h3 Qc6 18. f3 Rac8 19. a3 Qb6+ 20. Qe3 Qd6 21. Qe5 Qe7 22. c3 Rc5 23. Qe2 Rg5 24. d4 Nh5 25. Kf2 Nf4 26. Qf1 Rxg2+ 27. Ke3 Qg5 28. Rad1 Nxh3+ 29. Kd3 Nf2+ 0-1